| 000 | 00701nam a2200229Ia 4500 | ||
|---|---|---|---|
| 003 | IIN | ||
| 005 | 20240129162939.0 | ||
| 008 | 231217s9999 xx 000 0 und d | ||
| 020 |
_cRs.395.00 _a9789393885135 |
||
| 040 |
_aIIN _bEnglish |
||
| 082 |
_a610.730285 _bATH |
||
| 100 | 1 | _aAthirarami, M.R. | |
| 245 | 1 |
_aTextbook on Health Nursing Informatics, Professionalism, Bioethics & Forensic Nursing _cAthirarami M.R...[et al] |
|
| 260 |
_bEMMESS _aBangalore _c2022 |
||
| 300 | _avi, 283p. | ||
| 650 | 1 |
_aInformatics _vNursing |
|
| 650 | 1 | _aHealth Nursing | |
| 650 | 1 |
_aProfessionalism _vNursing |
|
| 650 | 1 |
_aBioethics & Forensic Nursing _vNursing |
|
| 700 | 1 | _aHari Krishna, G.L. | |
| 942 | _cBOOK | ||
| 999 |
_c1270 _d1270 |
||